000 00312nam a22001337a 4500
008 180313b xxu||||| |||| 00| 0 eng d
020 _a9781556706431
041 _aeng
080 _a94
100 _a16
101 _aHIS
245 _aThe smithsonian guides to historic america
_cKennedy,R.G
942 _2udc
_cBK
999 _c44878
_d44878